"Annual report, 1944" (Record no. 689673)

MARC details
000 -LEADER
fixed length control field 00691nam a2200241Ia 4500
003 - CONTROL NUMBER IDENTIFIER
control field OSt
005 - DATE AND TIME OF LATEST TRANSACTION
control field 20220927104942.0
008 - FIXED-LENGTH DATA ELEMENTS--GENERAL INFORMATION
fixed length control field 220926b |||||||| |||| 00| 0 eng d
037 ## - SOURCE OF ACQUISITION
Terms of availability Reference Collections
040 ## - CATALOGING SOURCE
Original cataloging agency RTL
Transcribing agency RTL
Language of cataloging eng
041 ## - LANGUAGE CODE
Source of code eng
Language code of text/sound track or separate title eng
110 ## - MAIN ENTRY--CORPORATE NAME
Corporate name or jurisdiction name as entry element INDIAN MERCHANT CHAMBER
9 (RLIN) 368753
245 #0 - TITLE STATEMENT
Title "Annual report, 1944"
260 ## - PUBLICATION, DISTRIBUTION, ETC.
Place of publication, distribution, etc. Bombay
Name of publisher, distributor, etc. Indian Merchant Chamber
Date of publication, distribution, etc. 1945
300 ## - PHYSICAL DESCRIPTION
Extent "xxxvi, 455p"
Dimensions cm.
700 ## - ADDED ENTRY--PERSONAL NAME
Personal name INDIAN MERCHANT CHAMBER
9 (RLIN) 368754
942 ## - ADDED ENTRY ELEMENTS (KOHA)
Classification part "X5.2.N44r, H5"
Koha item type

No items available.

Copyright @ Delhi University Library System